| 000 | 01160cam a2200313 a 4500 | ||
|---|---|---|---|
| 999 |
_c6220 _d6220 |
||
| 001 | 6220 | ||
| 003 | BD-JhCC | ||
| 005 | 20180117105841.0 | ||
| 008 | 850607s1985 weaa b s000 0 eng d | ||
| 020 |
_a0724498370 _c$3.00 Aust. |
||
| 035 | _a(BD-JhCC)6220 | ||
| 035 | _a97268 | ||
| 040 |
_aANB _cANB _dDBM:A _dBD-JhCC |
||
| 041 | _aeng | ||
| 082 | 0 | 4 |
_a613/.07/10941 _220 _bHEL 2010 |
| 245 | 0 | 0 |
_aHealth education / _cSakat Rahman Tiwari...[et. all.]. _b(Modified Syllabus of Indian Universitys/ Training Institute and College. |
| 260 |
_aNew Delhi : _bA P H Publishing Corporation, _c2010. |
||
| 300 |
_a228 p. : _c26 cm. |
||
| 504 | _aBibliography: p. 59-61. | ||
| 650 | 0 |
_aHealth education _xOutlines, syllabi, etc. |
|
| 650 | 0 |
_aHealth education _zWestern Australia. |
|
| 650 | 0 |
_aPhysical education for children _vOutlines, syllabi, etc. |
|
| 650 | 2 |
_aHealth education _zWestern Australia. |
|
| 650 | 2 |
_aPhysical education and training _zWestern Australia. |
|
| 710 | 1 |
_aWestern Australia. _bEducation Department _bCurriculum Branch. |
|
| 710 | 1 |
_aWestern Australia. _bPhysical and Health Education Branch. |
|
| 942 |
_2ddc _cBK |
||